01466nam a2200301 a 450000100100000000500170001000800410002704000250006808200180009311000350011124501330014626000840027930000270036350400280039059000260041865000600044465000370050465000370054165000280057865000670060670000320067370000370070591000380074295201300078095201160091095201210102699900170114700001751220240514195118.0100326s2004 dr a r 000 0 spa d aDO-SdBNPbspacBNPHU a362.83bC691c2 aColectiva Mujer y Salud93824010aConsulta sobre calidad de servicios de salud y violencia :btestimonios de mujeres /ccoordinadoras Wendy Alba, Sergia Galván. aSanto Domingo :bColectiva Mujer y Salud :bFundación Heinrich Böll,c2004. a55 p. :bil. ;c26 cm. aBibliografía : p. 55. aInventariado, 2018/BT 4aServicios de salud para mujeresxInvestigaciones938241 4aTrabajo social con mujeres92566 0aVIOLENCIA CONTRA LA MUJER938242 0a Calidad de vida985379 4aMujeresxCuestiones sociales y moralesxInvestigaciones9382431 aAlba, Wendy,ecoord.9382441 aGalván, Sergia,ecoord.938245 aValidado. Control de calidad. EMS 001054708DSaGRbGRcHDd2010-03-26iLF1l0o362.83 C691cp17512-30r2020-06-25te.3w2020-06-25yLFDSZPréstamo en sala 0010718PDaPDbPDcHDd2010-03-26iLF1l0o362.83 C691cp17512-10r2020-06-25w2020-06-25yLFPDZNo se presta 0010718PDaPDbPDcHDd2010-03-26iLF1l0o362.83 C691cp17512-20r2020-06-25te.2w2020-06-25yLFPDZNo se presta c17037d17037